<?xml version="1.0" encoding="UTF-8"?><?xml-stylesheet type="text/xsl" href="static/style.xsl"?><OAI-PMH xmlns="http://www.openarchives.org/OAI/2.0/" xmlns:xsi="http://www.w3.org/2001/XMLSchema-instance" xsi:schemaLocation="http://www.openarchives.org/OAI/2.0/ http://www.openarchives.org/OAI/2.0/OAI-PMH.xsd"><responseDate>2026-06-07T13:33:40Z</responseDate><request verb="GetRecord" identifier="oai:riubu.ubu.es:10259/11801" metadataPrefix="marc">https://riubu.ubu.es/oai/request</request><GetRecord><record><header><identifier>oai:riubu.ubu.es:10259/11801</identifier><datestamp>2026-06-05T00:05:29Z</datestamp><setSpec>com_10259_4839</setSpec><setSpec>com_10259_5086</setSpec><setSpec>com_10259_2604</setSpec><setSpec>col_10259_4840</setSpec></header><metadata><record xmlns="http://www.loc.gov/MARC21/slim" xmlns:doc="http://www.lyncode.com/xoai" xmlns:xsi="http://www.w3.org/2001/XMLSchema-instance" xmlns:dcterms="http://purl.org/dc/terms/" xsi:schemaLocation="http://www.loc.gov/MARC21/slim http://www.loc.gov/standards/marcxml/schema/MARC21slim.xsd">
<leader>00925njm 22002777a 4500</leader>
<datafield tag="042" ind1=" " ind2=" ">
<subfield code="a">dc</subfield>
</datafield>
<datafield tag="720" ind1=" " ind2=" ">
<subfield code="a">Ausín Villaverde, Vanesa</subfield>
<subfield code="e">author</subfield>
</datafield>
<datafield tag="720" ind1=" " ind2=" ">
<subfield code="a">Delgado Benito, Vanesa</subfield>
<subfield code="e">author</subfield>
</datafield>
<datafield tag="260" ind1=" " ind2=" ">
<subfield code="c">2015-12</subfield>
</datafield>
<datafield tag="520" ind1=" " ind2=" ">
<subfield code="a">El objetivo de esta investigación es conocer la percepción que tienen los estudiantes del aprendizaje percibido en su formación inicial a través de las herramientas que integran su PLE y la actitud de éstos hacia el uso de las mismas. La muestra participante son 202 estudiantes de diversos grados de Educación de la Universidad de Burgos. Se han utilizado dos instrumentos para medir el aprendizaje percibido así como las actitudes hacia las TIC. Los resultados muestran que los estudiantes valoran positivamente el aprendizaje en torno a las herramientas de su PLE, manifestando siete de cada diez el aprendizaje percibido</subfield>
</datafield>
<datafield tag="520" ind1=" " ind2=" ">
<subfield code="a">The Goal of this research is to know the perception that students&#xd;
have assimilated learning in their initial training through using the tools&#xd;
that integrated its PLE and their attitude toward using them. Sample&#xd;
child participant are 202 students from various degrees of education at the University of Burgos.We used two instruments measure learning for&#xd;
perceived as well as attitudes towards ICT. The results show that students&#xd;
value positively learning about the tools of their PLE, saying seven&#xd;
out of ten perceived learning</subfield>
</datafield>
<datafield tag="024" ind2=" " ind1="8">
<subfield code="a">1012-1587</subfield>
</datafield>
<datafield tag="024" ind2=" " ind1="8">
<subfield code="a">https://hdl.handle.net/10259/11801</subfield>
</datafield>
<datafield ind1=" " ind2=" " tag="653">
<subfield code="a">Entorno personal de aprendizaje</subfield>
</datafield>
<datafield ind1=" " ind2=" " tag="653">
<subfield code="a">Actitud hacia las TIC</subfield>
</datafield>
<datafield ind1=" " ind2=" " tag="653">
<subfield code="a">Aprendizaje percibido</subfield>
</datafield>
<datafield ind1=" " ind2=" " tag="653">
<subfield code="a">Formación inicial</subfield>
</datafield>
<datafield ind1=" " ind2=" " tag="653">
<subfield code="a">Personal Learning Environment</subfield>
</datafield>
<datafield ind1=" " ind2=" " tag="653">
<subfield code="a">Attitudes towards ICT</subfield>
</datafield>
<datafield ind1=" " ind2=" " tag="653">
<subfield code="a">Perceived learning</subfield>
</datafield>
<datafield ind1=" " ind2=" " tag="653">
<subfield code="a">Initial training</subfield>
</datafield>
<datafield tag="245" ind1="0" ind2="0">
<subfield code="a">Aprendizaje percibido y actitud hacia las TIC desde la perspectiva de los PLE</subfield>
</datafield>
</record></metadata></record></GetRecord></OAI-PMH>